Pěstební technologie odrůdy ozimé pšenice Butterfly /

Hlavní autor: Bížová, Irena
Korporativní autor: Selgen (firma)
Další autoři: Výzkumné centrum SELTON
Jazyk: Čeština
Vydáno: České Budějovice : Kurent s.r.o., 2019
Témata:
Fyzický popis: 11 stran : ilustrace (převážně barevné) ; 23 cm
Knihy
Uloženo v:
LEADER 01789nam a2200505 i 4500
001 nkc20193099808
003 CZ PrNK
005 20220907094028.0
007 ta
008 190529s2019 xr a e f 000 0 cze
015 |a cnb003099808 
020 |a 978-80-87111-76-5  |q (brožováno) 
035 |a (OCoLC)1111968722 
040 |a OLA001  |b cze  |d ABA001  |e rda 
072 7 |a 633  |x Rostlinná výroba  |2 Konspekt  |9 24 
080 |a 633.11"324"  |2 MRF 
080 |a 631.526  |2 MRF 
080 |a 633.01/.04  |2 MRF 
080 |a (072)  |2 MRF 
100 1 |a Bížová, Irena  |7 mzk2015871056  |4 aut 
245 1 0 |a Pěstební technologie odrůdy ozimé pšenice Butterfly /  |c I. Bížová a kol. 
246 3 0 |a Butterfly 
264 1 |a České Budějovice :  |b Kurent s.r.o.,  |c 2019 
300 |a 11 stran :  |b ilustrace (převážně barevné) ;  |c 23 cm 
336 |a text  |b txt  |2 rdacontent 
337 |a bez média  |b n  |2 rdamedia 
338 |a svazek  |b nc  |2 rdacarrier 
500 |a Název z obálky 
500 |a Pod názvem: Selgen, Selton 
500 |a 700 výtisků 
521 8 |a Určeno pro zemědělskou praxi 
650 0 7 |a ozimá pšenice  |7 ph338540  |2 czenas 
650 0 7 |a odrůdy zemědělských plodin  |7 ph135688  |2 czenas 
650 0 7 |a pěstování polních rostlin  |7 ph183359  |2 czenas 
650 0 9 |a winter wheat  |2 eczenas 
650 0 9 |a crops varieties  |2 eczenas 
650 0 9 |a field crops cultivation  |2 eczenas 
655 7 |a metodické příručky  |7 fd132826  |2 czenas 
655 9 |a methodological manuals  |2 eczenas 
710 2 |a Selgen (firma)  |7 uzp2007391431  |4 isb 
710 2 |a Výzkumné centrum SELTON  |7 olak2011653433  |4 isb 
910 2 |a BOA001  |b 2-1431.567 
990 |a BK 
995 |a 01 
996 6 |b 2610789618  |c 2-1431.567  |l MZK  |r Sklad / do 1 hodiny  |n 0  |p p.v.  |w 001743029  |u 000010  |a 1  |e BOA001  |j MZK50  |s P